000 00282nam a2200109Ia 4500
008 200302s9999 xx 000 0 und d
100 _aOrange Book Ed
245 _aInterior Best Selection Vol 3
260 _bThe Images Publishing Group Pvt., Ltd.
260 _c1988
300 _a254 P.,
999 _c807
_d807